El Dharma y el Espíritu : conversaciones entre un cristiano y un budista /

Guardado en:
Detalles Bibliográficos
Autor principal: Masiá Clavel, Juan (autor)
Otros autores: Suzuki, Kotaró (autor) (autor)
Formato: Libro
Idioma:Español
Publicado: Madrid, España : PPC, 2007, c2007
Temas:
Etiquetas: Agrega una etiqueta
Sin etiquetas, Sé el primero en etiquetar este registro!

MARC

LEADER 00000nam^a2200000^a^4500
001 000410085
005 20260624000000.0
009 20260625172804.375
020 |a 978-84-288-2025-7 
037 |a Acervo ITESO - Biblioteca 
041 |a ESP 
082 |a 291. 172  |b MAS 
100 |a Masiá Clavel, Juan  |e (autor) 
245 1 3 |a El Dharma y el Espíritu :  |b conversaciones entre un cristiano y un budista /  |c J. Masiá, K. Suzuki. 
264 4 |a Madrid, España :  |b PPC,  |c 2007, c2007 
300 |a 153 p. 
336 |a texto  |b txt  |2 rdacontenido 
337 |a sin mediación  |b n  |2 rdamedio 
338 |a volumen  |b nc  |2 rdasoporte 
521 |a FIL 2018 DIA 
649 |a XX 
650 |a Iglesia Católica -  |x Relaciones -  |x Budismo 
650 |a Diálogo Interreligioso -  |x Tema Principal 
650 |a Espiritualidad -  |x Tema Principal 
650 |a Budismo 
650 |a Cristianismo 
650 |a Religión 
700 |a Suzuki, Kotaró  |e (autor) 
910 |a Fondo General 
920 |a Impresos - Libros 
930 |a Colección General 
905 |a 101 
901 |a 0500312173  |b IT1  |c ACC  |i C164730  |u 20260624 
902 |a https://opac.biblio.iteso.mx/vufind/Record/000410085